The transformation of Europe 1300-1600
Saved in:
| Main Author: | |
|---|---|
| Format: | Book |
| Language: | English |
| Published: |
London :
Arnold,
1999
|
| Series: | Arnold history of Europe
|
| Subjects: | |
| Tags: |
Add Tag
No Tags, Be the first to tag this record!
|
MARC
| LEADER | 00000nam a2200000 i 4500 | ||
|---|---|---|---|
| 001 | 1/41580 | ||
| 008 | 031007s1999 eng d | ||
| 020 | |a 0-340-66208-5 | ||
| 035 | |l 10071013 | ||
| 040 | |a GR-MY-UA |b gre |e aacr | ||
| 041 | 0 | |a eng | |
| 082 | 0 | |a 940.1 |2 (21) | |
| 100 | 1 | |a Nicholas, David, |d 1939- | |
| 245 | 1 | 4 | |a The transformation of Europe 1300-1600 / |c David Nicholas |
| 260 | |a London : |b Arnold, |c 1999 | ||
| 300 | |a 486 σ.; |b χαρτ.; |c 24 εκ. | ||
| 490 | 1 | |a Arnold history of Europe | |
| 504 | |a Περιέχει βιβλιογραφία και ευρετήριο | ||
| 651 | 0 | |a Europe |x History |y 476-1492. | |
| 651 | 0 | |a Europe |x History |y 1492-1648. | |
| 830 | 0 | |a Arnold history of Europe | |
| 852 | |a INST |b LESVOS |e 20031007 |h 940.1 NIC |p 005100026731 |q 005100026731 |t BK |y 0 | ||
| 901 | |a BIBL1-2003-3 | ||
| 909 | |a Λ |b 106236 | ||
| 922 | |a 1ΕΛΗ |b 200309 |c ΕΠΕΑΕΚ2/ΤΚΑ |d ΜΙΧΑΛΟΠΟΥΛΟΣ | ||
| 950 | |a 117-2003-06-11 | ||
| 970 | |a ΚΑΡΑ |b ΓΙΑΣΕΜΗ |z 2003/10/13 | ||